Hospodárska diplomacia Ukrajiny dizertačná práca

Na minha lista:
Detalhes bibliográficos
Autor principal: Kunychka, Mykhaylo, 1990-
Autor Corporativo: Ekonomická univerzita v Bratislave. Fakulta medzinárodných vzťahov
Outros Autores: Kurucz, Milan, 1954-
Formato: Livro
Idioma:eslovaco
Publicado em: Bratislava 2015
Assuntos:
Tags: Adicionar Tag
Sem tags, seja o primeiro a adicionar uma tag!

MARC

LEADER 00000nbm a2200000 4500
001 0206972
005 20240502073434.7
041 0 |a slo 
044 |a SK 
245 1 0 |a Hospodárska diplomacia Ukrajiny  |b dizertačná práca  |c Mykhaylo Kunychka ; školiteľ: Milan Kurucz 
264 1 |a Bratislava  |c 2015 
300 |a 112 s. 
610 2 0 |a diplomacia hospodárska 
610 2 0 |a Ukrajina 
610 2 0 |a vzťahy zahraničné 
610 2 0 |a vzťahy hospodárske medzinárodné 
100 1 |a Kunychka, Mykhaylo, 1990- 
700 1 |a Kurucz, Milan, 1954- 
710 2 |a Ekonomická univerzita v Bratislave. Fakulta medzinárodných vzťahov